000
00224 a2200097 4500
001
39781
100
_a
Green Dannis
245
_a
The complete ISO 9000 manual
260
_a
London
_b
Kogan Page
_c
1996
090
_c
24788
_d
24788
942
_a
NUST-CAE
_c
M
_c
16433
999
_c
274854
_d
274854